Normale Ansicht MARC-Ansicht ISBD

Das Schrifttum über das Deutschtum in Rußland : (Titelsatznr. 23367)

[ MARC ]
MARC-Details
000 -Satzkennung
Kontrollfeld mit fester Länge 00644nam a22002291c 4500
001 - Kontrollnummer
Kontrollfeld 414920244
003 - Kontrollnummer Identifier
Kontrollfeld RU-10907106
005 - Datum und Zeit der letzten Transaktion
Kontrollfeld 20240123143455.0
008 - Feld mit fester Länge zur physischen Beschreibung - Allgemeine Angaben
Kontrollfeld mit fester Länge 100902s1970 gw |||| 000u ger d
040 ## - Katalogisierungsquelle
Übertragungsstelle RU-10907106
041 ## - Sprachcode
Sprachcode des Textes/der Tonspur oder des separaten Titels ger
100 1# - Haupteintragung - Personenname
Personenname Stumpp, Karl
Koha-Normdatenidentnummer 56287
245 04 - Titel
Titel Das Schrifttum über das Deutschtum in Rußland :
Zusatz zum Titel eine Bibliographie /
Verfasserangabe etc. Karl Stumpp
250 ## - Ausgabebezeichnung
Ausgabebezeichnung 2., erw. Aufl.
264 ## - Produktion, Veröffentlichung, Distribution, Herstellung und Urheberrechtsvermerk
Herstellungs-, Veröffentlichungs- Vertriebs-, Erzeugungsort Stuttgart :
Produzent, Herausgeber, Distributor, Hersteller Selbstverlag Stumpp,
Datum der Herstellung, der Veröffentlichung, des Vertriebs oder des Urheberschutzvermerks 1970
300 ## - Physische Beschreibung
Umfang 74 S.
650 #0 - Nebeneintragung unter einem Schlagwort - Sachschlagwort
Sachschlagwort oder geografischer Name als Eintragungselement Deutsche
650 #0 - Nebeneintragung unter einem Schlagwort - Sachschlagwort
Sachschlagwort oder geografischer Name als Eintragungselement Russlanddeutsche
Koha-Normdatenidentnummer 7243
650 #0 - Nebeneintragung unter einem Schlagwort - Sachschlagwort
Sachschlagwort oder geografischer Name als Eintragungselement Nationalitätenpolitik
Koha-Normdatenidentnummer 2820
655 #0 - Indexierungsterm - Genre/Form
Genre/Form oder fokussierter Term
Koha-Normdatenidentnummer 3973
942 ## - Zusätzliche Felder (Koha)
Koha-Medientyp Monographien
Klassifikation oder Aufstellungssystematik Andere/Generische Klassifikation
Exemplare
Ausgeschieden Verloren Klassifikation oder Aufstellungssystematik Beschädigt Nicht entleihbar Heimatbibliothek Aufenthaltsbibliothek Aufstellungsort Erwerbungsdatum Inventarnummer Signatur Barcode Letzte Aktivität Preis gültig von Koha-Medientyp
    Andere/Generische Klassifikation     MWN Osteuropa MWN Osteuropa Magazin - 2 02/09/2010 12-01232 R 60 o Deut 27 E0040150790E8E54 23/02/2021 22/03/2021 Monographien